Les armes nucléaires dans le monde - Statistiques

Statistiques générales
  • Ce quiz a été pris 317 fois
  • Le résultat moyen est 8 sur 9
Statistiques - réponses
Nombre de têtes nucléaires Pays % Correct
6185 Etats-Unis
100%
300 France
100%
6500 Russie
100%
290 Chine
96%
200 Royaume-Uni
96%
20-30 Corée du Nord
90%
130-140 Inde
89%
150-160 Pakistan
79%
80-90 Israël
77%
Aucun quiz correspondant
Distribution des résultats
% des personnes avec chaque résultat
Percentile par nombre de réponses
Votre historique - résultats
Vous n’avez pas pris ce quiz